000 00304 a2200109 4500
001 ART_27812
005 20260410161949.0
008 260409a
245 1 0 _aIntencionalidad y actuar moral
100 1 _aTrapani, Daniel A.
773 0 _tInvenio
_g- Año 2, Nº 3 (jun. 1999)
_wREV27781
999 _c30245
_d30245